| 000 | 00612nam a22001817a 4500 | ||
|---|---|---|---|
| 005 | 20231103070115.0 | ||
| 008 | 231103b |||||||| |||| 00| 0 eng d | ||
| 020 | _a0702135704 | ||
| 041 | _aEnglish | ||
| 082 | _a346.6 COM | ||
| 100 |
_aPretorius, JT _lEnglish |
||
| 245 |
_aCompanies Act 61 of 1973 and Close Corporations Act 69 of 1984 : _bRegulations, Tables of Cases and Indexes / _cJT Pretorius |
||
| 250 | _aThird Edition | ||
| 260 |
_aCape Town : _bJuta and Company Ltd, _c1995 |
||
| 300 |
_bv, 413 pages ; _c25,5 cm. |
||
| 650 |
_aLegal practice _bLaw |
||
| 942 |
_cBK _6ALISON_BN_VRIES |
||
| 999 |
_c273 _d273 |
||